000 00206 a2200097 4500
001 8601
100 _aMuhammad Sharif Gulzar
245 _aGhuzwat-e-Islam
260 _a
_bFerozsons
_c
090 _c6923
_d6923
942 _aNUST-CAE
_cM
_c33515
999 _c243674
_d243674